00510nam a2200157 i 450000100060000000300090000600500170001500700030003200800410003524501020007626000660017830000200024460000330026471000320029785200230032938791ES-MaACL20231218195701.0t|030226q1988 sp |||| |bspa d00aClara Campoamor b: I Centenario de su nacimiento : biografía /c[Fundación Clara Campoamor]. a[Madrid : bAyuntamiento, Junta Municipal de Latina, c1988?] a8 p. ; c22 cm.14aCampoamor, Clara,d1888-19722 aFundación Clara Campoamor aES-MaACLj2143-F-5